LEADER 01047nam0 22002651i 450 001 RML0232304 005 20231121125658.0 100 $a20121121d1991 ||||0itac50 ba 101 | $aita 102 $ait 181 1$6z01$ai $bxxxe 182 1$6z01$an 200 1 $aAnalisi del bilancio consolidato$eConfronto tra i vigenti documenti in materia e le disposizioni legislative nell'ambito della VII Direttiva Comunitaria$fImerio Facchinetti e Tiziana Bonacina 210 $aMilano $cPirola $d1991 215 $ax,450 p.$d24 cm 700 1$aFACCHINETTI$b, Imerio$3RMLV147401$0115391 701 1$aBONACINA$b, Tiziana$3RMLV147400$0593501 801 3$aIT$bIT-01$c20121121 850 $aIT-FR0098 899 $aBiblioteca Area Giuridico Economica$bFR0098 912 $aRML0232304 950 0$aBiblioteca Area Giuridico Economica$d 53IMP 657/42$e 53VM 0000002555 VM barcode:0000231VM$fA $h19950427$i20121204 977 $a 53 996 $aAnalisi del bilancio consolidato$9998284 997 $aUNICAS LEADER 01681nam0 22003491i 450 001 UON00081240 005 20231205102429.478 100 $a20020107d1972 |0itac50 ba 101 $aeng 102 $aGB 105 $a|||| ||||| 200 1 $aˆThe ‰city of Akhenaten. Part 2$eThe north suburb and the desert altars$eThe excavations at Tell el Amarna during the seasons 1926-1932$fby Henry Frankfort and J. D. S. Pendlebury$gwith chapter by H. W. Fairman 205 $aLondon : Egypt Exploration Society$bc1972 210 $aix$d122 p.$d58 p. di tav. ; 33 cm 215 $a Ed. orig: 1933 316 $aData e prezzo inesatti$5IT-UONSI EGIIe/002/40 410 1$1001UON00066742$12001 $aˆThe ‰Egypt Exploration Fund. Memoir$fPresident John Fowler$v40 423 1$1001UON00361722$12001 $aˆThe ‰excavations at Tell el Amarna during the seasons 1926-1932 606 $aSITI ARCHEOLOGICI$xEgitto$3UONC020401$2FI 606 $aSCAVI ARCHEOLOGICI$xTell el-Amarna$3UONC024792$2FI 620 $aGB$dLondon$3UONL003044 676 $a722.2$cARCHITETTURA EGIZIANA ANTICA$v21 700 1$aFRANKFORT$bHenri$3UONV010845$036543 701 1$aFAIRMAN$bH. W.$3UONV043389$0661717 701 1$aPENDLEBURY$bJ. D. S.$3UONV052736$0208654 712 $aEgypt Exploration Society$3UONV251076$4650 801 $aIT$bSOL$c20240220$gRICA 899 $aSIBA - SISTEMA BIBLIOTECARIO DI ATENEO$2UONSI 912 $aUON00081240 950 $aSIBA - SISTEMA BIBLIOTECARIO DI ATENEO$dSI EG II e 002/40 $eSI SE 1900 5 002/40 Data e prezzo inesatti 996 $aCity of Akhenaten. Part 2$91849435 997 $aUNIOR